LEADER 01383nam 2200361Ia 450 001 996393488203316 005 20200824132045.0 035 $a(CKB)4940000000118113 035 $a(EEBO)2240916994 035 $a(OCoLC)ocm18394381e 035 $a(OCoLC)18394381 035 $a(EXLCZ)994940000000118113 100 $a19880824d1700 uy | 101 0 $aeng 135 $aurbn||||a|bb| 200 10$aBishop Cozens's argument, proving, that adultery works a dissolution of the marriage$b[electronic resource] $ebeing the substance of several of Bishop Cozens his speeches in the House of Lords, upon the debate of Lord Ross's case : taken from original papers writ in the Bishop's own hand 210 $a[London $cs.n.$d1700] 215 $a4 p 300 $aCaption title. 300 $aPlace and date of publication suggested by Wing. 300 $aReproduction of original in the University of Illinois (Urbana-Champaign Campus). Library. 330 $aeebo-0167 606 $aAdultery$zEngland 606 $aImpediments to marriage$zEngland 615 0$aAdultery 615 0$aImpediments to marriage 700 $aCosin$b John$f1594-1672.$01004126 801 1$bEAJ 801 2$bWaOLN 906 $aBOOK 912 $a996393488203316 996 $aBishop Cozens's argument, proving, that adultery works a dissolution of the marriage$92381906 997 $aUNISA